[Event "ARG-ch sf Cup"]
[Site "Villaguay/Entre Rios"]
[Date "2018.12.16"]
[Round "5.11"]
[White "Cantero Cochia, Alejandro"]
[Black "Roko, Tomas1111"]
[Result "1/2-1/2"]
[WhiteElo "1784"]
[BlackElo "1354"]
[PlyCount "54"]
[EventDate "2018.12.14"]
[EventType "swiss"]
[EventRounds "6"]
[EventCountry "ARG"]
[SourceTitle "EXT 2024"]
[Source "ChessBase"]
[SourceDate "2023.10.10"]
[SourceVersion "1"]
[SourceVersionDate "2023.10.10"]
[SourceQuality "1"]

1. e4 e6 2. d4 d5 3. e5 c5 4. c3 Qb6 5. Nf3 Bd7 6. a3 c4 7. Nbd2 Ne7 8. b3 cxb3 9. Qxb3 Nbc6 10. Rb1 Nc8 11. Bd3 Na5 12. Qc2 Qc7 13. Bxh7 Nb6 14. Bd3 Rc8 15. Bb2 Nac4 16. Nxc4 Nxc4 17. 0-0 Nxb2 18. Qxb2 Qxc3 19. Be2 b6 20. Rfc1 Qa5 21. Rxc8+ Bxc8 22. Qc2 Bd7 23. Bb5 Bxb5 24. Qc8+ Ke7 25. Qc7+ Bd7 26. Qd6+ Ke8 27. Qb8+ Ke7 1/2-1/2

[Event "ARG-ch sf Cup"]
[Site "Villaguay/Entre Rios"]
[Date "2018.12.15"]
[Round "4.11"]
[White "Cena, Mario"]
[Black "Cantero Cochia, Alejandro"]
[Result "0-1"]
[WhiteElo "1279"]
[BlackElo "1784"]
[PlyCount "84"]
[EventDate "2018.12.14"]
[EventType "swiss"]
[EventRounds "6"]
[EventCountry "ARG"]
[SourceTitle "EXT 2024"]
[Source "ChessBase"]
[SourceDate "2023.10.10"]
[SourceVersion "1"]
[SourceVersionDate "2023.10.10"]
[SourceQuality "1"]

1. e4 e5 2. Nf3 Nc6 3. Bc4 Nf6 4. d4 exd4 5. 0-0 Nxe4 6. c3 d5 7. Bb5 dxc3 8. Ne5 Qd6 9. Nxc6 bxc6 10. Ba4 Be7 11. bxc3 0-0 12. Ba3 c5 13. Qf3 Bd7 14. Bb3 c6 15. Rd1 Qf6 16. Qxf6 Nxf6 17. Nd2 Rfe8 18. Nf3 Bd6 19. c4 Be6 20. Ba4 Rec8 21. Rac1 Ne4 22. Bc2 Nc3 23. Bxh7+ Kxh7 24. Rxc3 d4 25. Rcc1 Kg8 26. Nxd4 Bf4 27. Nxe6 Bxc1 28. Nc7 Bxa3 29. Nxa8 Rxa8 30. g3 Re8 31. Kg2 Re2 32. Rd7 a5 33. Rc7 Rxa2 34. Rxc6 Rc2 35. Ra6 Bb4 36. Kf3 Rxc4 37. Ke3 Rc2 38. h4 Ra2 39. f4 a4 40. g4 a3 41. f5 f6 42. Kf4 Rc2 0-1